| 000 | 00872nam a2200265 a 4500 | ||
|---|---|---|---|
| 008 | |||
| 020 | _a034071994X (pbk.) | ||
| 049 | _aMAIN | ||
| 090 | 0 | 0 | _aHA29 |
| 245 | 0 | 0 |
_aStatistics in society : _bthe arithmetic of politics / _cedited by Daniel Dorling and Stephen Simpson. |
| 260 |
_aLondon : _bArnold, _c1999. |
||
| 300 |
_axxvi, 484 p. : _bill., maps, ports. ; _c24 cm. |
||
| 440 | 0 | _aArnold applications of statistics series. | |
| 504 | _aIncludes bibliographical references : p. 424-464. | ||
| 500 | _aIncludes index. | ||
| 650 | 0 | _aStatistics. | |
| 650 | 0 |
_aSocial sciences _zGreat Britain _xStatistical methods. |
|
| 700 | 1 | _aDorling, Daniel. | |
| 700 | 1 | _aSimpson, Stephen. | |
| 907 |
_a.b10131310 _b19-12-06 _c23-07-04 |
||
| 003 | |||
| 005 | 20230123133801.0 | ||
| 040 | _cNUST | ||
| 942 |
_cBOOKS _kHA29 |
||
| 999 |
_c154574 _d154574 |
||